000 00411nam a2200169 a 4500
005 20240113063635.0
008 991125s1980 mx 000 0 spa u
035 _aUPN01000010377
049 _aCG
050 4 _aP90
_bC6 1980
245 0 0 _aComunicación
260 _aMéxico :
_bARMO,
_c1980.
300 _a49 p.
500 _aDatos tomados de la cubierta
650 4 _aComunicación
_99285
905 _aLibro
999 _c10377
_d10377